Geography Quiz

Random Geography or State Quiz

Newest UN member states Quiz Stats

 Plays Quiz not verified by Sporcle

Also try: 'V' in Geography
Challenge
Share
Tweet
Score 0/33 Timer 05:00
0 Plays Today
Admission Date Member State % Correct
June 28, 2006Montenegro
87.2%
March 2, 1992Tajikistan
83%
March 2, 1992Kazakhstan
83%
Sept 17, 1991Estonia
83%
Sept 17, 1991Latvia
83%
Nov 1, 2000Serbia
80.9%
Sept 17, 1991Lithuania
80.9%
July 31, 1992Georgia
78.7%
March 2, 1992Azerbaijan
78.7%
March 2, 1992Kyrgyzstan
78.7%
March 2, 1992Uzbekistan
78.7%
March 2, 1992Turkmenistan
74.5%
April 8, 1993Macedonia
74.5%
March 2, 1992Armenia
72.3%
March 2, 1992Moldova
70.2%
Jan 19, 1993Czech Republic
66%
Jan 19, 1993Slovakia
66%
Admission Date Member State % Correct
Sept 5, 2000Tuvalu
51.1%
Dec 15, 1994Palau
51.1%
Sept 27, 2002Timor-Leste
48.9%
Sept 10, 2002Switzerland
44.7%
May 28, 1993Eritrea
44.7%
Sept 14, 1999Kiribati
40.4%
Sept 17, 1991Marshall Islands
40.4%
Sept 17, 1991Micronesia
38.3%
April 23, 1990Namibia
38.3%
Sept 14, 1999Tonga
34%
Sept 17, 1991North Korea
31.9%
Sept 17, 1991South Korea
29.8%
May 28, 1993Monaco
25.5%
Sept 18, 1990Liechtenstein
25.5%
July 28, 1993Andorra
21.3%
Sept 14, 1999Naura
2.1%

You're not logged in!

Compare scores with friends on all Sporcle quizzes.
OR
Log In

You Might Also Like...

Show Comments

Extras

Top Quizzes Today


Score Distribution

Your Account Isn't Verified!

In order to create a playlist on Sporcle, you need to verify the email address you used during registration. Go to your Sporcle Settings to finish the process.

Report this User

Report this user for behavior that violates our Community Guidelines.

Details: